Sanat - "Kun joulupukki suukon sai" - Statistics

Yleistilastot
  • Tätä visaa on pelattu 43 kertaa
  • Keskiarvotulos 62 / 75
Vastaustilastot
Vastaus % Oikein
jo
100%
Joulupukki
100%
joulupukki
100%
sai
100%
suukon
100%
isi
97%
sais
97%
tietää
97%
voi
97%
voi
97%
voi
97%
voi
97%
että
93%
jos
93%
kun
93%
kun
93%
mikä
90%
nauru
90%
saa
90%
syntyiskään
90%
tään
90%
äidin
86%
ei
86%
ei
86%
hain
86%
kuin
86%
näin
86%
päin
86%
ja
83%
juttelevan
83%
oven
83%
partaan
83%
vaan
83%
vaan
83%
valkeaan
83%
hänen
79%
hiivin
79%
jäin
79%
joulupukin
79%
joulupukin
79%
kanssa
79%
karamellin
79%
kuinka
79%
lahjat
79%
79%
79%
79%
mieltään
79%
pikku
79%
rakoon
79%
saada
79%
sain
79%
salaa
79%
saliin
79%
sattuikaan
79%
se
79%
toi
79%
unta
79%
hassua
76%
hassusti
76%
nähdä
76%
nalle
76%
niin
76%
nyt
76%
salaisuus
76%
suuri
76%
äsken
72%
painaa
72%
vielä
72%
Jukka
69%
uus
69%
kuulla
66%
hillitä
59%
kas
59%
kieltään
59%
Ehtoja vastaavia visoja ei löytynyt
Tulosjakauma
Jokaisen tuloksen saaneiden osuus
Persentiili vastausten määrän mukaan
Tuloshistoriasi
Et ole pelannut tätä visaa